• 首页
  • 本馆介绍
  • 公告通知
  • 最新文献
  • 馆藏检索
  • 电子资源
  • 读者导购
  • 参考咨询
  • 我的图书馆
  • 登录
  • 详细信息显示
  • 放入我的书架
  • 预约/预借图书
  • 作者相关作品
  • 分类相关作品
  • 丛书相关作品
  • 出版社相关作品

书目信息

  • 表格格式
  • 工作单格式
  • 卡片格式
题名:
电工学
    
 
作者: 华中 天津 湖南 安徽学院
分册:  
出版信息: 北京   高等教育出版社  1983.03
页数: 405页
开本: 19cm
丛书名:
单 册:
中图分类: TM11
科图分类:
主题词: 电工单位 , 电工--计算
电子资源:
ISBN: 7-04-003141-8
000 00588nam0 2200205 45
001 0308271086
005 20030827104458.2
010    @a7-04-003141-8@dRMB1.55
100    @a20030827d1983 km y0chiy0120 ea
101    @achi
105    @a z 000yy
200 1  @a电工学@Adian gong xue@f华中 天津 湖南 安徽学院@Fhua zhong tian jin hu nan an hui xue yuan
210    @a北京@c高等教育出版社@d1983.03
215    @a405页@c无图表@d19cm
606 0  @a电工单位
606 0  @a电工@x计算
690    @aTM11@v3
701  0 @a华中 天津 湖南 安徽学院
801    @aCN@b@c20030827
905    @aBZT@dTM11@e106
    
    电工学/华中 天津 湖南 安徽学院.-北京:高等教育出版社,1983.03
    405页:无图表;19cm
    
    
    ISBN 7-04-003141-8:RMB1.55
    
●
相关链接 在五车中查询图书 在当当中查询图书 在豆瓣中查询图书


正题名:电工学     索取号:TM11/106         预约/预借

序号 登录号 条形码 馆藏地/架位号 状态 备注
1 2541   200498265   中心书库中库/ 中库029架B面3列6层26/ [索取号:TM11/106] 在馆    
2 2542   200498247   中心书库中库/ 中库029架B面3列6层25/ [索取号:TM11/106] 在馆    
3 2543   200498238   中心书库中库/ 中库029架B面3列6层27/ [索取号:TM11/106] 在馆    
4 2544   200498256   中心书库中库/ 中库029架B面3列6层29/ [索取号:TM11/106] 在馆    
5 2545   200498229   中心书库中库/ 中库029架B面8列3层30/ [索取号:TM11/106] 在馆    
山东省滨州职业学院图书馆 欢迎您!
大连网信软件有限公司© 版权所有